000 00535nam a2200217Ia 4500
003 OSt
005 20220928135457.0
006 a|||||r|||| 00| 0
007 ta
008 220927b |||||||| |||| 00| 0 eng d
024 _a2451
037 _cTextual
040 _aSDCL
_cSDCL
_beng
041 _2eng
_aeng
082 _aO-,1K08:g, M5
100 _aDuRocher Richard J
_9490912
245 0 _aMilton and Ovid
260 _c1985
942 _hO-,1K08:g, M5
_cTEXL
_2CC
999 _c806262
_d806262